000 00720nac a22002051u 4500
010 _a 96019092
020 _a0070019746 (acid-free)
082 0 0 _a005.12
_bAND
090 _c6034
_d6034
100 _aAndriole, Stephen J.
245 1 0 _aManaging systems requirements :
_bmethods, tools, and cases /
_cStephen J. Andriole.
260 _aNew York :
_bMcGraw Hill,c1996.
_cc1996.
300 _axv, 318 p. :
_bill. ;
_c24 cm.
500 _aDistributer: Al-Ahram.
504 _aIncludes bibliographical references (p. 307-309) and index.
511 _aCatalogued By: Mahitab.
650 0 _aInformation resources management.
650 0 _aSystem analysis.
942 _cBB
_k005.12AND
999 _c6034
_d6034